000 00648nam a22001697a 4500
003 SISC
005 20170615092012.0
008 170615b xxu||||| |||| 00| 0 eng d
020 _a9789719676058
050 _aLB 115
_b.M271 2015
100 _aMandap, Arnelia B.
245 _aField study 1 :
_bthe learners' development and environment /
_cChona M. Navarro, Arnelia B. Mandap, Jenelyn T. Peña, Riza B. Lintag, Myrna C. Santos, Rogelio L. Pacatcatin Jr.
260 _aMalabon City :
_bJimczyville Publications,
_c2015.
300 _aviii, 74 pages :
_billustrations ;
_c24 cm.
500 _aIncludes bibliographical references.
942 _2lcc
_cBK
999 _c335228
_d335228